000
00294 a2200133 4500
000
nam a22 7a 4500
100
_a
Verma, P S
110
_a
Verma, P S
245
_a
Molecular Biology
250
_a
Latest edition
260
_b
S Chand
_c
2024
264
_b
S Chand
_c
2024
942
_c
BK
999
_c
396806
_d
396806